Diez cuentos trágicos /

Incluye los siguientes cuentos: Mateo Falcone, de Próspero Merimée; La venganza, de Guy de Maupassant; El beso, de Gustavo Adolfo Bécquer; El ángel de la guarda, de Pedro A. de Alarcón; El barril de amontillado, de Edgar Allan Poe; El difunto, de Eça de Quiroz; El pistoletazo, de Alejandro Puchkin;...

Celý popis

Uloženo v:
Podrobná bibliografie
Hlavní autor: Ortiz Barili, Pedro (selección, prólogo y notas)
Další autoři: Ortiz Barili, Jorge (traducción) (traducción)
Médium: Kniha
Jazyk:španělština
Vydáno: Buenos Aires, Argentina : Acme Agency, 1946, c1946
Edice:(Centauro Acme Agency)
Témata:
Tagy: Přidat tag
Žádné tagy, Buďte první, kdo vytvoří štítek k tomuto záznamu!

MARC

LEADER 00000nam^a2200000^a^4500
001 000561851
005 20250521000000.0
009 20260310131932.863
037 |a Acervo ITESO - Biblioteca 
041 |a ESP 
082 |a 808. 83  |b ORT 
100 |a Ortiz Barili, Pedro  |e (selección, prólogo y notas) 
245 1 0 |a Diez cuentos trágicos /  |c Selec., pról. y notas de P. Ortiz Barili ; tr. por J. Ortiz Barili. 
264 4 |a Buenos Aires, Argentina :  |b Acme Agency,  |c 1946, c1946 
300 |a 183 p. 
336 |a texto  |b txt  |2 rdacontenido 
337 |a sin mediación  |b n  |2 rdamedio 
338 |a volumen  |b nc  |2 rdasoporte 
440 1 |a (Centauro Acme Agency) 
520 |a Incluye los siguientes cuentos: Mateo Falcone, de Próspero Merimée; La venganza, de Guy de Maupassant; El beso, de Gustavo Adolfo Bécquer; El ángel de la guarda, de Pedro A. de Alarcón; El barril de amontillado, de Edgar Allan Poe; El difunto, de Eça de Quiroz; El pistoletazo, de Alejandro Puchkin; El preso, de Máximo Gorki; Cavallería Rusticana, de Giovanni Verga; y La casa del viento, de Alejandro Dumas hijo. 
562 |a Falta sobrecubierta 
649 |a XX 
650 |a Cuentos Portugueses 
650 |a Cuentos Españoles 
650 |a Cuentos Italianos 
650 |a Cuentos Franceses 
650 |a Cuentos Rusos 
650 |a Cuentos Norteamericanos 
650 |a Literatura Portuguesa -  |y Siglo XIX 
650 |a Literatura Española -  |y Siglo XIX 
650 |a Literatura Italiana -  |y Siglo XIX 
650 |a Literatura Francesa -  |y Siglo XIX 
650 |a Literatura Rusa -  |y Siglo XIX 
650 |a Literatura Norteamericana -  |y Siglo XIX 
700 |a Ortiz Barili, Jorge  |e (traducción) 
910 |a Fondo Castillo-Martínez 
920 |a Impresos - Libros 
930 |a Fondos Especiales 
940 |a Literatura 
905 |a 127 
901 |a 0500346789  |b IT2  |c ESP  |i D124763  |u 20250521 
902 |a https://opac.biblio.iteso.mx/vufind/Record/000561851